000 00379nam a2200169Ia 4500
001 19600
003 IN-NITTTR
005 20251114233226.0
008 251113s9999||||xx |||||||||||||| ||eng||
040 _beng
040 _cIN-NITTTR
041 _aeng
082 _a891.434 V59S H
100 _aVerma, Vijay
245 0 _aSarokaron ke rang. /
_cVerma, Vijay
942 _2ddc
_cBK
999 _c22234
_d22234